[Event "8th Vellmar Chess Days"]
[Site "chess24.com"]
[Date "2016.07.28"]
[Round "1"]
[White "Wehr, Alexander"]
[Black "Pienski, Olaf"]
[Result "0-1"]
[Board "11"]
[WhiteElo "1911"]
[WhiteCountry "GER"]
[WhiteFideId "24628913"]
[WhiteEloChange "-4"]
[BlackElo "2168"]
[BlackCountry "GER"]
[BlackFideId "4619544"]
[BlackEloChange "4"]

1. c4 {[%clk 1:30:30]} e5 {[%clk 1:30:30]} 2. Nc3 {[%clk 1:30:30]} Nf6 {[%clk
1:30:30]} 3. g3 {[%clk 1:30:30]} d6 {[%clk 1:30:30]} 4. Bg2 {[%clk 1:30:30]} g6
{[%clk 1:30:30]} 5. Nf3 {[%clk 1:30:30]} Bg7 {[%clk 1:30:30]} 6. O-O {[%clk
1:30:30]} O-O {[%clk 1:30:30]} 7. d4 {[%clk 1:30:30]} Nbd7 {[%clk 1:30:30]} 8.
dxe5 {[%clk 1:30:30]} dxe5 {[%clk 1:30:30]} 9. Bg5 {[%clk 1:30:30]} h6 {[%clk
1:30:30]} 10. Bxf6 {[%clk 1:30:30]} Qxf6 {[%clk 1:30:30]} 11. Nd5 {[%clk
1:30:30]} Qd8 {[%clk 1:30:30]} 12. Qd2 {[%clk 1:30:30]} c6 {[%clk 1:30:30]} 13.
Nc3 {[%clk 1:30:30]} Qe7 {[%clk 1:30:30]} 14. Rad1 {[%clk 1:30:30]} Re8 {[%clk
1:30:30]} 15. e4 {[%clk 1:30:30]} Nb6 {[%clk 1:30:30]} 16. b3 {[%clk 1:30:30]}
Be6 {[%clk 1:30:30]} 17. Qe3 {[%clk 1:30:30]} Qb4 {[%clk 1:30:30]} 18. Ne1 {[%clk
1:30:30]} Nd7 {[%clk 1:30:30]} 19. Nc2 {[%clk 1:30:30]} Qc5 {[%clk 1:30:30]} 20.
Rd2 {[%clk 1:30:30]} a5 {[%clk 1:30:30]} 21. Rfd1 {[%clk 1:30:30]} Qxe3 {[%clk
1:30:30]} 22. Nxe3 {[%clk 1:30:30]} Nc5 {[%clk 1:30:30]} 23. Ne2 {[%clk 1:30:30]}
Rac8 {[%clk 1:30:30]} 24. f4 {[%clk 1:30:30]} Rc7 {[%clk 1:30:30]} 25. f5 {[%clk
1:30:30]} Bc8 {[%clk 1:30:30]} 26. h4 {[%clk 1:30:30]} h5 {[%clk 1:30:30]} 27.
Rd8 {[%clk 1:30:30]} Kf8 {[%clk 1:30:30]} 28. g4 {[%clk 1:30:30]} hxg4 {[%clk
1:30:30]} 29. Ng3 {[%clk 1:30:30]} Rd7 {[%clk 1:30:30]} 30. R8xd7 {[%clk
1:30:30]} Nxd7 {[%clk 1:30:30]} 31. Nxg4 {[%clk 1:30:30]} Nf6 {[%clk 1:30:30]}
32. Nxf6 {[%clk 1:30:30]} Bxf6 {[%clk 1:30:30]} 33. h5 {[%clk 1:30:30]} Bh4
{[%clk 1:30:30]} 34. Kh2 {[%clk 1:30:30]} Bxg3+ {[%clk 1:30:30]} 35. Kxg3 {[%clk
1:30:30]} gxf5 {[%clk 1:30:30]} 36. h6 {[%clk 1:30:30]} f4+ {[%clk 1:30:30]} 37.
Kh4 {[%clk 1:30:30]} Ke7 {[%clk 1:30:30]} 38. Bf3 {[%clk 1:30:30]} Rh8 {[%clk
1:30:30]} 39. Kg5 {[%clk 1:30:30]} Bd7 {[%clk 1:30:30]} 40. Bh5 {[%clk 1:30:30]}
Rg8+ {[%clk 1:30:30]} 41. Bg6 {[%clk 1:30:30]} Rxg6+ {[%clk 1:30:30]} 42. Kh5
{[%clk 1:30:30]} Rg8 {[%clk 1:30:30]} 0-1

[Event "8th Vellmar Chess Days"]
[Site "chess24.com"]
[Date "2016.07.28"]
[Round "1"]
[White "Heimsoth, Sven-Holger"]
[Black "Cai, Zhuoran"]
[Result "1-0"]
[Board "12"]
[WhiteElo "2157"]
[WhiteCountry "GER"]
[WhiteFideId "4651243"]
[WhiteEloChange "4"]
[BlackElo "1898"]
[BlackCountry "CHN"]
[BlackFideId "8608091"]
[BlackEloChange "-4"]

1. Nf3 {[%clk 1:30:55]} Nf6 {[%clk 1:30:51]} 2. g3 {[%clk 1:31:13]} d5 {[%clk
1:31:13]} 3. Bg2 {[%clk 1:31:35]} g6 {[%clk 1:31:35]} 4. b3 {[%clk 1:31:56]} Bg7
{[%clk 1:31:56]} 5. Bb2 {[%clk 1:32:18]} O-O {[%clk 1:32:07]} 6. O-O {[%clk
1:32:28]} Nc6 {[%clk 1:32:20]} 7. d4 {[%clk 1:30:41]} Be6 {[%clk 1:31:02]} 8.
Nbd2 {[%clk 1:29:05]} Qd7 {[%clk 1:28:18]} 9. Re1 {[%clk 1:29:15]} Bf5 {[%clk
1:27:04]} 10. a3 {[%clk 1:25:10]} Ne4 {[%clk 1:25:22]} 11. c4 {[%clk 1:17:54]} e6
{[%clk 1:17:40]} 12. e3 {[%clk 1:12:53]} Rad8 {[%clk 1:15:10]} 13. Nh4 {[%clk
1:11:11]} Nxd2 {[%clk 1:14:04]} 14. Qxd2 {[%clk 1:11:33]} Ne7 {[%clk 1:11:41]}
15. Nxf5 {[%clk 1:02:48]} Nxf5 {[%clk 1:11:11]} 16. cxd5 {[%clk 1:02:32]} exd5
{[%clk 1:10:19]} 17. a4 {[%clk 1:01:08]} Rfe8 {[%clk 1:09:30]} 18. Qc2 {[%clk
0:54:32]} Ne7 {[%clk 1:03:47]} 19. b4 {[%clk 0:52:34]} Nc8 {[%clk 0:59:53]} 20.
b5 {[%clk 0:50:16]} Bf8 {[%clk 0:54:20]} 21. Rec1 {[%clk 0:49:15]} Bd6 {[%clk
0:43:28]} 22. Bxd5 {[%clk 0:48:29]} Bxg3 {[%clk 0:43:49]} 23. Bxf7+ {[%clk
0:46:26]} Qxf7 {[%clk 0:44:00]} 24. hxg3 {[%clk 0:46:51]} Nd6 {[%clk 0:37:59]}
25. Ba3 {[%clk 0:45:02]} Rd7 {[%clk 0:33:55]} 26. Qa2 {[%clk 0:43:38]} Re6 {[%clk
0:31:09]} 27. Bxd6 {[%clk 0:43:41]} cxd6 {[%clk 0:31:20]} 28. Qd5 {[%clk
0:42:08]} Qf6 {[%clk 0:27:57]} 29. Rc8+ {[%clk 0:39:46]} Kg7 {[%clk 0:28:17]} 30.
Rac1 {[%clk 0:37:49]} Rf7 {[%clk 0:27:51]} 31. Qg2 {[%clk 0:38:11]} Ree7 {[%clk
0:28:06]} 32. Ra8 {[%clk 0:37:45]} b6 {[%clk 0:26:10]} 33. Rcc8 {[%clk 0:37:47]}
h6 {[%clk 0:22:29]} 34. Rc6 {[%clk 0:34:40]} Rc7 {[%clk 0:18:41]} 35. Rc8 {[%clk
0:32:59]} Rxc8 {[%clk 0:17:40]} 36. Rxc8 {[%clk 0:33:26]} Qf5 {[%clk 0:18:00]}
37. Rc1 {[%clk 0:33:23]} d5 {[%clk 0:18:09]} 38. g4 {[%clk 0:32:33]} Qg5 {[%clk
0:16:44]} 39. Qg3 {[%clk 0:32:43]} Kh7 {[%clk 0:15:41]} 40. Rc7 {[%clk 0:32:33]}
Qf6 {[%clk 0:15:04]} 41. Kg2 {[%clk 0:31:50]} Qe6 {[%clk 0:14:42]} 42. Rxf7+
{[%clk 0:31:34]} Qxf7 {[%clk 0:15:10]} 43. Qe5 {[%clk 0:31:39]} h5 {[%clk
0:14:51]} 44. gxh5 {[%clk 0:31:24]} gxh5 {[%clk 0:15:20]} 45. Qg5 {[%clk
0:31:22]} Kh8 {[%clk 0:14:33]} 46. Kg3 {[%clk 0:31:09]} Kh7 {[%clk 0:14:31]} 47.
f3 {[%clk 0:31:05]} Qc7+ {[%clk 0:13:55]} 48. Kh3 {[%clk 0:30:57]} Qc8+ {[%clk
0:12:11]} 49. Kh4 {[%clk 0:31:10]} 1-0

[Event "8th Vellmar Chess Days"]
[Site "chess24.com"]
[Date "2016.07.28"]
[Round "1"]
[White "Krosenbrink, Marcel"]
[Black "Viebahn, Dirk"]
[Result "0-1"]
[Board "13"]
[WhiteElo "1894"]
[WhiteCountry "NED"]
[WhiteFideId "1033271"]
[WhiteEloChange "-4"]
[BlackElo "2155"]
[BlackCountry "GER"]
[BlackFideId "4660790"]
[BlackEloChange "4"]

1. e4 {[%clk 1:30:56]} e5 {[%clk 1:30:49]} 2. Nf3 {[%clk 1:31:23]} Nc6 {[%clk
1:31:09]} 3. Bb5 {[%clk 1:31:49]} a6 {[%clk 1:31:29]} 4. Bxc6 {[%clk 1:32:16]}
dxc6 {[%clk 1:31:43]} 5. O-O {[%clk 1:32:42]} Bg4 {[%clk 1:31:37]} 6. h3 {[%clk
1:33:09]} Bh5 {[%clk 1:31:48]} 7. d3 {[%clk 1:32:37]} Bc5 {[%clk 1:24:47]} 8. Be3
{[%clk 1:23:03]} Bxe3 {[%clk 1:17:02]} 9. fxe3 {[%clk 1:23:27]} Qe7 {[%clk
1:16:21]} 10. Qe1 {[%clk 1:18:24]} Bxf3 {[%clk 1:08:56]} 11. Rxf3 {[%clk
1:18:39]} O-O-O {[%clk 1:08:56]} 12. b4 {[%clk 1:12:53]} Nf6 {[%clk 0:57:29]} 13.
a4 {[%clk 1:08:45]} b6 {[%clk 0:51:01]} 14. Na3 {[%clk 1:00:02]} c5 {[%clk
0:43:41]} 15. bxc5 {[%clk 0:57:24]} Qxc5 {[%clk 0:43:56]} 16. Nc4 {[%clk
0:57:01]} Rde8 {[%clk 0:29:03]} 17. Qg3 {[%clk 0:47:17]} Rhg8 {[%clk 0:28:53]}
18. Rf5 {[%clk 0:40:26]} Kb7 {[%clk 0:19:38]} 19. Qf3 {[%clk 0:32:29]} Ka7 {[%clk
0:19:24]} 20. Kh2 {[%clk 0:28:17]} Re6 {[%clk 0:18:00]} 21. Rb1 {[%clk 0:25:09]}
h6 {[%clk 0:16:49]} 22. Qf1 {[%clk 0:25:11]} Qe7 {[%clk 0:15:07]} 23. Rb3 {[%clk
0:21:00]} g6 {[%clk 0:14:34]} 24. Rf3 {[%clk 0:20:54]} Rf8 {[%clk 0:14:41]} 25.
Na3 {[%clk 0:06:44]} Nd7 {[%clk 0:13:52]} 26. Nb1 {[%clk 0:01:31]} Nc5 {[%clk
0:11:32]} 27. Ra3 {[%clk 0:01:47]} Rc6 {[%clk 0:10:30]} 28. Ra1 {[%clk 0:01:18]}
Ne6 {[%clk 0:10:43]} 29. c4 {[%clk 0:01:01]} Qb4 {[%clk 0:09:00]} 30. Na3 {[%clk
0:00:57]} f5 {[%clk 0:07:53]} 31. exf5 {[%clk 0:00:58]} gxf5 {[%clk 0:07:37]} 32.
Rf2 {[%clk 0:00:44]} f4 {[%clk 0:07:27]} 33. Nc2 {[%clk 0:00:42]} Qd6 {[%clk
0:06:36]} 34. a5 {[%clk 0:00:58]} e4 {[%clk 0:05:36]} 35. axb6+ {[%clk 0:01:24]}
Rxb6 {[%clk 0:04:48]} 36. Kh1 {[%clk 0:01:13]} exd3 {[%clk 0:04:39]} 37. Na3
{[%clk 0:00:48]} Kb7 {[%clk 0:02:55]} 38. exf4 {[%clk 0:00:51]} Nc5 {[%clk
0:02:29]} 39. Rb1 {[%clk 0:00:33]} Ne4 {[%clk 0:02:42]} 40. Rxb6+ {[%clk
0:00:56]} cxb6 {[%clk 0:02:30]} 0-1

[Event "8th Vellmar Chess Days"]
[Site "chess24.com"]
[Date "2016.07.28"]
[Round "1"]
[White "Bergauz, Avigdor"]
[Black "Wuestehube, Harry"]
[Result "1/2-1/2"]
[Board "14"]
[WhiteElo "2153"]
[WhiteCountry "GER"]
[WhiteFideId "12943770"]
[WhiteEloChange "-6"]
[BlackElo "1888"]
[BlackCountry "GER"]
[BlackFideId "24614084"]
[BlackEloChange "6"]

1. c4 {[%clk 1:30:58]} d6 {[%clk 1:30:30]} 2. Nc3 {[%clk 1:31:13]} Nf6 {[%clk
1:30:50]} 3. g3 {[%clk 1:30:03]} g6 {[%clk 1:31:02]} 4. Bg2 {[%clk 1:30:32]} Bg7
{[%clk 1:31:08]} 5. e3 {[%clk 1:30:31]} O-O {[%clk 1:30:50]} 6. Nge2 {[%clk
1:30:59]} e5 {[%clk 1:29:07]} 7. O-O {[%clk 1:31:27]} c6 {[%clk 1:26:15]} 8. d4
{[%clk 1:29:48]} Qc7 {[%clk 1:22:39]} 9. b3 {[%clk 1:28:26]} Re8 {[%clk 1:19:23]}
10. Bb2 {[%clk 1:24:27]} Bf5 {[%clk 1:11:35]} 11. h3 {[%clk 1:15:41]} h5 {[%clk
1:09:24]} 12. dxe5 {[%clk 1:06:10]} dxe5 {[%clk 1:09:29]} 13. e4 {[%clk 1:06:38]}
Be6 {[%clk 1:05:21]} 14. f4 {[%clk 1:02:17]} exf4 {[%clk 0:54:33]} 15. gxf4
{[%clk 1:01:21]} Na6 {[%clk 0:52:42]} 16. Na4 {[%clk 0:48:18]} Rad8 {[%clk
0:46:14]} 17. Qe1 {[%clk 0:37:35]} Bc8 {[%clk 0:40:46]} 18. e5 {[%clk 0:30:41]}
Nh7 {[%clk 0:39:54]} 19. Qf2 {[%clk 0:29:16]} Rd2 {[%clk 0:27:47]} 20. Qe3 {[%clk
0:25:35]} Rdd8 {[%clk 0:26:19]} 21. Qxa7 {[%clk 0:25:17]} Rd3 {[%clk 0:18:29]}
22. Rad1 {[%clk 0:22:42]} Red8 {[%clk 0:18:43]} 23. Nac3 {[%clk 0:19:44]} Bf8
{[%clk 0:16:08]} 24. Rxd3 {[%clk 0:12:46]} Bc5+ {[%clk 0:12:11]} 25. Qxc5 {[%clk
0:13:28]} Nxc5 {[%clk 0:12:35]} 1/2-1/2

[Event "8th Vellmar Chess Days"]
[Site "chess24.com"]
[Date "2016.07.28"]
[Round "1"]
[White "Hansult, Manfred"]
[Black "Bollmann, Henrik"]
[Result "1/2-1/2"]
[Board "15"]
[WhiteElo "1886"]
[WhiteCountry "GER"]
[WhiteFideId "4677030"]
[WhiteEloChange "6"]
[BlackElo "2145"]
[BlackCountry "GER"]
[BlackFideId "24626007"]
[BlackEloChange "-6"]

1. d4 {[%clk 1:30:50]} d5 {[%clk 1:30:57]} 2. Nf3 {[%clk 1:30:51]} e6 {[%clk
1:31:05]} 3. e3 {[%clk 1:30:46]} f5 {[%clk 1:30:59]} 4. c4 {[%clk 1:23:32]} Nf6
{[%clk 1:30:49]} 5. Bd3 {[%clk 1:20:41]} c6 {[%clk 1:30:28]} 6. O-O {[%clk
1:20:45]} Bd6 {[%clk 1:30:27]} 7. b3 {[%clk 1:19:43]} Qe7 {[%clk 1:29:40]} 8. a4
{[%clk 1:18:40]} a5 {[%clk 1:25:24]} 9. Ba3 {[%clk 1:15:27]} Bxa3 {[%clk
1:25:46]} 10. Nxa3 {[%clk 1:15:31]} O-O {[%clk 1:13:56]} 11. Ne5 {[%clk 1:11:41]}
Bd7 {[%clk 1:10:15]} 12. Nc2 {[%clk 1:06:48]} Be8 {[%clk 1:03:48]} 13. Ne1 {[%clk
0:42:01]} Bh5 {[%clk 1:00:44]} 14. Be2 {[%clk 0:38:56]} Bxe2 {[%clk 0:52:49]} 15.
Qxe2 {[%clk 0:39:14]} Nbd7 {[%clk 0:40:57]} 16. N1d3 {[%clk 0:35:13]} Nxe5 {[%clk
0:32:47]} 17. Nxe5 {[%clk 0:35:04]} Nd7 {[%clk 0:32:15]} 18. Nxd7 {[%clk
0:24:33]} Qxd7 {[%clk 0:32:41]} 19. f4 {[%clk 0:24:12]} b6 {[%clk 0:23:48]} 20.
Rfc1 {[%clk 0:16:18]} Rab8 {[%clk 0:22:09]} 21. h3 {[%clk 0:13:43]} Rfc8 {[%clk
0:21:36]} 22. Qd2 {[%clk 0:11:45]} Qe7 {[%clk 0:17:51]} 23. Rcb1 {[%clk 0:08:24]}
c5 {[%clk 0:12:20]} 24. Rc1 {[%clk 0:07:32]} Rd8 {[%clk 0:08:12]} 25. Qe2 {[%clk
0:04:58]} Rbc8 {[%clk 0:07:02]} 26. Rd1 {[%clk 0:04:03]} Rc7 {[%clk 0:04:46]} 27.
Rac1 {[%clk 0:03:33]} cxd4 {[%clk 0:03:40]} 28. exd4 {[%clk 0:03:08]} Qd6 {[%clk
0:02:17]} 29. cxd5 {[%clk 0:01:37]} Rxc1 {[%clk 0:02:27]} 30. Rxc1 {[%clk
0:01:59]} Qxd5 {[%clk 0:02:40]} 31. Rc4 {[%clk 0:02:09]} Qd6 {[%clk 0:02:45]} 32.
Qe3 {[%clk 0:02:21]} h6 {[%clk 0:02:41]} 33. Kh1 {[%clk 0:02:36]} Qd7 {[%clk
0:02:27]} 34. Qe5 {[%clk 0:02:56]} Rc8 {[%clk 0:02:39]} 35. Rxc8+ {[%clk
0:02:47]} Qxc8 {[%clk 0:03:09]} 36. d5 {[%clk 0:02:36]} exd5 {[%clk 0:03:35]} 37.
Qxd5+ {[%clk 0:02:51]} Kh8 {[%clk 0:03:49]} 38. Kh2 {[%clk 0:02:43]} Qf8 {[%clk
0:01:30]} 39. Qe6 {[%clk 0:02:50]} Qc5 {[%clk 0:01:36]} 40. Qf7 {[%clk 0:02:46]}
Kh7 {[%clk 0:01:20]} 41. Qe6 {[%clk 0:02:35]} b5 {[%clk 0:29:11]} 42. axb5 {[%clk
0:32:38]} Qxb5 {[%clk 0:29:36]} 43. h4 {[%clk 0:28:30]} Qc5 {[%clk 0:25:32]} 44.
h5 {[%clk 0:25:56]} Qb5 {[%clk 0:25:15]} 45. Qg6+ {[%clk 0:24:03]} Kg8 {[%clk
0:25:37]} 46. Qe6+ {[%clk 0:24:21]} Kf8 {[%clk 0:24:26]} 47. g3 {[%clk 0:19:46]}
Qc5 {[%clk 0:23:25]} 48. Kh3 {[%clk 0:17:38]} Qb5 {[%clk 0:23:00]} 49. Kh2 {[%clk
0:17:39]} Qc5 {[%clk 0:21:30]} 50. Kh3 {[%clk 0:17:39]} Qb5 {[%clk 0:21:30]}
1/2-1/2

[Event "8th Vellmar Chess Days"]
[Site "chess24.com"]
[Date "2016.07.28"]
[Round "1"]
[White "Kothe, Erik"]
[Black "George, Tom"]
[Result "0-1"]
[Board "17"]
[WhiteElo "1877"]
[WhiteCountry "GER"]
[WhiteFideId "24628573"]
[WhiteEloChange "-6"]
[BlackElo "2044"]
[BlackCountry "GER"]
[BlackFideId "24659487"]
[BlackEloChange "6"]

1. e4 {[%clk 1:30:54]} e5 {[%clk 1:30:55]} 2. Nf3 {[%clk 1:31:03]} Nc6 {[%clk
1:31:20]} 3. Bc4 {[%clk 1:31:08]} Bc5 {[%clk 1:31:44]} 4. d3 {[%clk 1:31:16]} Nf6
{[%clk 1:31:14]} 5. c3 {[%clk 1:30:16]} a6 {[%clk 1:30:48]} 6. Bb3 {[%clk
1:30:25]} d6 {[%clk 1:29:42]} 7. Bg5 {[%clk 1:27:58]} h6 {[%clk 1:29:16]} 8. Bh4
{[%clk 1:23:46]} g5 {[%clk 1:28:07]} 9. Bg3 {[%clk 1:21:13]} Nh5 {[%clk 1:23:44]}
10. Bxf7+ {[%clk 1:11:38]} Kxf7 {[%clk 1:23:28]} 11. Nxe5+ {[%clk 1:11:00]} dxe5
{[%clk 1:20:18]} 12. Qxh5+ {[%clk 1:07:03]} Kg7 {[%clk 1:18:42]} 13. Nd2 {[%clk
1:02:01]} Be6 {[%clk 1:11:33]} 14. O-O-O {[%clk 0:53:25]} Bxa2 {[%clk 1:09:22]}
15. b3 {[%clk 0:43:29]} a5 {[%clk 1:09:42]} 16. Kc2 {[%clk 0:36:53]} a4 {[%clk
1:05:36]} 17. b4 {[%clk 0:36:17]} Be7 {[%clk 1:03:36]} 18. b5 {[%clk 0:33:58]}
Nd4+ {[%clk 0:58:58]} 19. Kb2 {[%clk 0:30:26]} Bf7 {[%clk 0:58:45]} 20. Qg4
{[%clk 0:23:46]} a3+ {[%clk 0:54:42]} 21. Ka1 {[%clk 0:22:21]} Nc2+ {[%clk
0:51:02]} 22. Kb1 {[%clk 0:22:38]} Qxd3 {[%clk 0:50:03]} 23. Bxe5+ {[%clk
0:20:24]} Kg8 {[%clk 0:49:22]} 24. Nb3 {[%clk 0:16:49]} a2+ {[%clk 0:49:48]} 0-1

[Event "8th Vellmar Chess Days"]
[Site "chess24.com"]
[Date "2016.07.28"]
[Round "1"]
[White "Rueberg, Jobst"]
[Black "Schmidt, Daniel"]
[Result "1/2-1/2"]
[Board "18"]
[WhiteElo "2123"]
[WhiteTitle "FM"]
[WhiteCountry "GER"]
[WhiteFideId "4677501"]
[WhiteEloChange "-6"]
[BlackElo "1876"]
[BlackCountry "GER"]
[BlackFideId "12957950"]
[BlackEloChange "6"]

1. e4 {[%clk 1:30:30]} c5 {[%clk 1:30:30]} 2. Nf3 {[%clk 1:30:30]} d6 {[%clk
1:30:30]} 3. Bb5+ {[%clk 1:30:30]} Bd7 {[%clk 1:30:30]} 4. Bxd7+ {[%clk 1:30:30]}
Qxd7 {[%clk 1:30:30]} 5. O-O {[%clk 1:30:30]} Nc6 {[%clk 1:30:30]} 6. c3 {[%clk
1:30:30]} Nf6 {[%clk 1:30:30]} 7. d4 {[%clk 1:30:30]} cxd4 {[%clk 1:30:30]} 8.
cxd4 {[%clk 1:30:30]} e6 {[%clk 1:30:11]} 9. Nc3 {[%clk 1:29:37]} d5 {[%clk
1:22:25]} 10. e5 {[%clk 1:28:53]} Ne4 {[%clk 1:22:17]} 11. Ne2 {[%clk 1:28:32]}
Be7 {[%clk 1:18:27]} 12. Ne1 {[%clk 1:26:41]} f5 {[%clk 1:13:28]} 13. Be3 {[%clk
1:16:55]} Rc8 {[%clk 1:08:42]} 14. Nd3 {[%clk 1:14:15]} O-O {[%clk 1:04:48]} 15.
Rc1 {[%clk 1:03:23]} b6 {[%clk 1:01:27]} 16. g3 {[%clk 0:48:06]} Ng5 {[%clk
1:01:27]} 17. h4 {[%clk 0:45:57]} Nf7 {[%clk 1:00:18]} 18. Qd2 {[%clk 0:41:42]}
Na5 {[%clk 0:54:21]} 19. b3 {[%clk 0:40:22]} Nc6 {[%clk 0:47:07]} 20. Kg2 {[%clk
0:31:58]} a5 {[%clk 0:44:52]} 21. Nc3 {[%clk 0:28:15]} Nb4 {[%clk 0:43:21]} 22.
Rfd1 {[%clk 0:20:01]} Qb7 {[%clk 0:34:58]} 23. Kh2 {[%clk 0:14:56]} Rc6 {[%clk
0:28:17]} 24. Nb5 {[%clk 0:12:39]} Rfc8 {[%clk 0:27:13]} 25. Rxc6 {[%clk
0:11:51]} Rxc6 {[%clk 0:27:33]} 26. Ne1 {[%clk 0:08:05]} Rc8 {[%clk 0:25:28]} 27.
a3 {[%clk 0:07:06]} Nc6 {[%clk 0:25:28]} 28. Nf3 {[%clk 0:06:10]} h6 {[%clk
0:24:07]} 29. Rc1 {[%clk 0:04:43]} Qa6 {[%clk 0:21:17]} 30. a4 {[%clk 0:02:31]}
Bb4 {[%clk 0:18:37]} 31. Qb2 {[%clk 0:01:11]} Ne7 {[%clk 0:13:29]} 32. Bd2 Bxd2
{[%clk 0:12:27]} 33. Qxd2 Qb7 {[%clk 0:12:05]} 34. Nd6 Nxd6 {[%clk 0:10:29]} 35.
exd6 Rxc1 {[%clk 0:07:46]} 36. Qxc1 Nc8 {[%clk 0:04:43]} 37. Qe1 Qd7 {[%clk
0:03:34]} 38. b4 axb4 {[%clk 0:02:29]} 39. Qxb4 Qxd6 {[%clk 0:00:54]} 40. Qb5 Kf8
41. Ne5 Ke7 42. h5 Qc7 43. Ng6+ Kf7 44. Ne5+ Ke7 45. Qb4+ Nd6 46. Kg2 Ke8 47. Ng6
Kf7 48. Nf4 Ke7 49. Qe1 Ne4 1/2-1/2

[Event "8th Vellmar Chess Days"]
[Site "chess24.com"]
[Date "2016.07.28"]
[Round "1"]
[White "Beyer, Nils"]
[Black "Windelband, Jens"]
[Result "0-1"]
[Board "19"]
[WhiteElo "1875"]
[WhiteCountry "GER"]
[WhiteFideId "12995355"]
[WhiteEloChange "-4"]
[BlackElo "2120"]
[BlackCountry "GER"]
[BlackFideId "4663845"]
[BlackEloChange "4"]

1. d4 {[%clk 1:30:50]} d5 {[%clk 1:30:46]} 2. c4 {[%clk 1:31:01]} e6 {[%clk
1:31:10]} 3. Nf3 {[%clk 1:31:19]} c5 {[%clk 1:30:55]} 4. cxd5 {[%clk 1:31:25]}
exd5 {[%clk 1:31:09]} 5. g3 {[%clk 1:31:38]} Nf6 {[%clk 1:30:10]} 6. Bg2 {[%clk
1:31:50]} Nc6 {[%clk 1:30:13]} 7. O-O {[%clk 1:31:59]} Be7 {[%clk 1:29:58]} 8.
Nc3 {[%clk 1:31:19]} O-O {[%clk 1:29:47]} 9. dxc5 {[%clk 1:31:23]} Bxc5 {[%clk
1:29:13]} 10. Na4 {[%clk 1:31:07]} Be7 {[%clk 1:28:53]} 11. Be3 {[%clk 1:29:00]}
Re8 {[%clk 1:24:16]} 12. Bc5 {[%clk 1:23:45]} Bxc5 {[%clk 1:21:39]} 13. Nxc5
{[%clk 1:21:38]} Qe7 {[%clk 1:21:59]} 14. Qc2 {[%clk 1:17:31]} Qxe2 {[%clk
1:14:17]} 15. Qb3 {[%clk 1:13:35]} Qe7 {[%clk 1:10:47]} 16. Rac1 {[%clk 1:10:24]}
b6 {[%clk 1:00:56]} 17. Rfe1 {[%clk 1:05:11]} Qd6 {[%clk 1:00:47]} 18. Nd3 {[%clk
0:59:59]} Bb7 {[%clk 0:48:28]} 19. Nf4 {[%clk 0:51:40]} Rad8 {[%clk 0:45:42]} 20.
Red1 {[%clk 0:49:40]} h6 {[%clk 0:35:17]} 21. Nd4 {[%clk 0:45:48]} Na5 {[%clk
0:32:47]} 22. Qd3 {[%clk 0:38:39]} Qd7 {[%clk 0:23:05]} 23. b3 {[%clk 0:33:16]}
Nc6 {[%clk 0:18:36]} 24. Bh3 {[%clk 0:17:47]} Qd6 {[%clk 0:18:33]} 25. Nb5 {[%clk
0:16:12]} Qe7 {[%clk 0:17:43]} 26. Bg2 {[%clk 0:14:38]} a6 {[%clk 0:14:24]} 27.
Nc3 {[%clk 0:12:42]} d4 {[%clk 0:13:58]} 28. Ncd5 {[%clk 0:11:52]} Nxd5 {[%clk
0:13:13]} 29. Nxd5 {[%clk 0:11:45]} Rxd5 {[%clk 0:11:53]} 30. Bxd5 {[%clk
0:11:50]} Nb4 {[%clk 0:12:21]} 31. Bxf7+ {[%clk 0:08:50]} Qxf7 {[%clk 0:11:41]}
32. Qxd4 {[%clk 0:09:00]} Qf3 {[%clk 0:11:38]} 33. Qc4+ {[%clk 0:08:41]} Kh8
{[%clk 0:11:57]} 0-1

[Event "8th Vellmar Chess Days"]
[Site "chess24.com"]
[Date "2016.07.28"]
[Round "1"]
[White "Langedijk, Ardjan"]
[Black "Poelig, Juergen"]
[Result "1-0"]
[Board "20"]
[WhiteElo "2101"]
[WhiteCountry "NED"]
[WhiteFideId "1004212"]
[WhiteEloChange "4"]
[BlackElo "1874"]
[BlackCountry "GER"]
[BlackFideId "24661686"]
[BlackEloChange "-4"]

1. Nf3 {[%clk 1:30:53]} e6 {[%clk 1:30:51]} 2. g3 {[%clk 1:31:02]} d5 {[%clk
1:30:59]} 3. Bg2 {[%clk 1:31:14]} Nf6 {[%clk 1:31:11]} 4. O-O {[%clk 1:31:17]} b6
{[%clk 1:29:11]} 5. c4 {[%clk 1:30:36]} c5 {[%clk 1:27:58]} 6. cxd5 {[%clk
1:26:48]} exd5 {[%clk 1:28:01]} 7. d4 {[%clk 1:26:53]} Be7 {[%clk 1:23:37]} 8.
Nc3 {[%clk 1:26:24]} Bb7 {[%clk 1:20:32]} 9. b3 {[%clk 1:20:06]} O-O {[%clk
1:19:58]} 10. Bb2 {[%clk 1:20:07]} Nbd7 {[%clk 1:16:24]} 11. e3 {[%clk 1:15:46]}
Rc8 {[%clk 1:03:10]} 12. Rc1 {[%clk 1:08:53]} Re8 {[%clk 0:59:56]} 13. Ne5 {[%clk
1:03:32]} Ne4 {[%clk 0:52:01]} 14. Bh3 {[%clk 0:52:17]} Nef6 {[%clk 0:45:31]} 15.
f4 {[%clk 0:44:50]} Rb8 {[%clk 0:37:01]} 16. Qf3 {[%clk 0:41:39]} Rf8 {[%clk
0:24:49]} 17. Rcd1 {[%clk 0:29:57]} Nxe5 {[%clk 0:18:22]} 18. fxe5 {[%clk
0:24:33]} Ne4 {[%clk 0:18:08]} 19. Nxe4 {[%clk 0:22:38]} dxe4 {[%clk 0:18:24]}
20. Qe2 {[%clk 0:22:15]} Qd5 {[%clk 0:13:43]} 21. Rd2 {[%clk 0:15:59]} Rbd8
{[%clk 0:10:09]} 22. Rfd1 {[%clk 0:15:17]} cxd4 {[%clk 0:08:40]} 23. Bxd4 {[%clk
0:14:02]} Qa5 {[%clk 0:06:53]} 24. Qg2 {[%clk 0:09:58]} Bb4 {[%clk 0:06:33]} 25.
Rc2 {[%clk 0:09:28]} h6 {[%clk 0:04:43]} 26. Bf5 {[%clk 0:09:13]} Qd5 {[%clk
0:04:18]} 27. Rc7 {[%clk 0:08:24]} Rb8 {[%clk 0:02:06]} 28. Rdc1 {[%clk 0:05:27]}
g6 {[%clk 0:02:09]} 29. Rd7 {[%clk 0:05:30]} Qb5 {[%clk 0:01:50]} 30. a4 {[%clk
0:04:33]} Qd3 {[%clk 0:01:37]} 31. Rxb7 {[%clk 0:04:00]} gxf5 {[%clk 0:01:51]}
32. Rxb8 {[%clk 0:02:37]} Rxb8 {[%clk 0:02:19]} 33. Qf1 {[%clk 0:02:58]} Qxb3
{[%clk 0:01:30]} 34. Qxf5 {[%clk 0:02:56]} Qxa4 {[%clk 0:01:02]} 35. e6 {[%clk
0:02:29]} fxe6 {[%clk 0:00:38]} 36. Qxe6+ {[%clk 0:02:44]} Kf8 {[%clk 0:00:32]}
37. Rf1# {[%clk 0:02:15]} 1-0